Эколого-геохимическое поведение ртути в водах среднего течения Катуни; Современные проблемы геоэкологии и рационального использования природных сырьевых ресурсов. Градостроительные и агроландшафтные проблемы в экологическом аспекте. Рекреационное природопользование

Bibliografiske detaljer
Parent link:Современные проблемы геоэкологии и рационального использования природных сырьевых ресурсов. Градостроительные и агроландшафтные проблемы в экологическом аспекте. Рекреационное природопользование.— 1995.— С. 122
Hovedforfatter: Шварцев С. Л. Степан Львович
Andre forfattere: Фризер Л. Ф.
Sprog:russisk
Udgivet: 1995
Fag:
Format: MixedMaterials Book Chapter
KOHA link:https://koha.lib.tpu.ru/cgi-bin/koha/opac-detail.pl?biblionumber=156345

MARC

LEADER 00000naa2a2200000 4500
001 156345
005 20231031153051.0
035 |a (RuTPU)RU\TPU\book\169584 
090 |a 156345 
100 |a 20090325d1995 k y0rusy50 ca 
101 0 |a rus 
102 |a RU 
200 1 |a Эколого-геохимическое поведение ртути в водах среднего течения Катуни  |f С. Л. Шварцев, Л. Ф. Фризер 
463 0 |0 (RuTPU)RU\TPU\book\381  |t Современные проблемы геоэкологии и рационального использования природных сырьевых ресурсов. Градостроительные и агроландшафтные проблемы в экологическом аспекте. Рекреационное природопользование  |v С. 122  |d 1995  |p 200 с. 
610 1 |a труды учёных ТПУ 
700 1 |a Шварцев  |b С. Л.  |c российский гидрогеолог, доктор геолого-минералогических наук  |c профессор Томского политехнического университета, академик РАЕН  |f 1936-  |g Степан Львович  |2 stltpush  |3 (RuTPU)RU\TPU\pers\25914 
701 1 |a Фризер  |b Л. Ф. 
801 1 |a RU  |b 63413507  |c 20090325  |g PSBO 
801 2 |a RU  |b 63413507  |c 20100519  |g PSBO 
942 |c BK